000
00311nam a2200121Ia 4500
008
220204s9999 xx 000 0 und d
082
_b
HOP
100
_a
Hopper, A G
245
0
_a
Basic statistical quality control
260
_a
London
_b
McGraw Hill
_c
1969
650
_a
Statistical quality control
942
_c
BK
999
_c
24717
_d
24717